| 000 | 01522 a2200241 4500 | ||
|---|---|---|---|
| 020 | _a0538879793 | ||
| 020 | _a9780538879798 | ||
| 082 | 0 | 4 | _a346.7307 |
| 090 |
_c1056 _d1056 |
||
| 100 | 1 | _aMiller, Roger Leroy. | |
| 245 | 1 | 0 |
_aWest's business law : _btext, cases, legal, ethical, regulatory, and international environment / _cRoger Leroy Miller. |
| 250 | _a7th ed. | ||
| 260 |
_a[S.l.] : _bThomson Learning, _c1998. |
||
| 300 |
_a1026 p. ; _c26 cm. |
||
| 500 | _aHardcover. | ||
| 520 | _aThis best-selling comprehensive book integrates excerpted cases in a student-accessible format. Contains chapters on court procedures, employment law, and comparative international law. meets all AACSB curriculum standards and addresses those topics covered on the CPA exam. This text is also available in an Interactive CD-ROM Edition, which can be used either as a stand alone item or in conjunction with the text. Along with the inclusion of the entire text, the CD-ROM includes many enhancements such as video , advanced topics as enrichment materials, the availability of full case presentations, built-in study guide, and a notebook function which the students can use to make their own notes. | ||
| 700 | 1 | _aJentz, Gaylord A. | |
| 700 | 1 | _aCross, Frank B. | |
| 700 | 1 | _aClarkson, Kenneth W. | |
| 856 | 4 | 0 |
_3Amazon.com _uhttp://www.amazon.com/exec/obidos/ASIN/0538879793/chopaconline-20 |
| 856 | 4 | 0 |
_3Amazon customer reviews _uhttp://www.chopac.org/cgi-bin/tools/azrev.pl?q=0538879793 |
| 942 |
_aNBS _cBK _k346.7307 WES |
||
| 999 |
_c343590 _d343590 |
||